Vida de Bach / (Record no. 17301)

MARC details
000 -LEADER
campo de control de longitud fija 00816nam a2200265 i 4500
001 - NÚMERO DE CONTROL
campo de control 17301
003 - IDENTIFICADOR DE NÚMERO DE CONTROL
campo de control ES-MaACL
005 - FECHA Y HORA DE LA ÚLTIMA TRANSACCIÓN
campo de control 20250610152235.0
007 - CAMPO FIJO DE DESCRIPCIÓN FÍSICA--INFORMACIÓN GENERAL
campo de control de longitud fija t|
008 - DATOS DE LONGITUD FIJA--INFORMACIÓN GENERAL
campo de control de longitud fija 010126s1999 sp ||||1| spa d
020 ## - NÚMERO INTERNACIONAL ESTÁNDAR DEL LIBRO
Número Internacional Estándar del Libro 84-8323-121-2
080 ## - NÚMERO DE LA CLASIFICACIÓN DECIMAL UNIVERSAL
Número de la Clasificación Decimal Universal 78 Bach, Johann Sebastian (1685-1750)
080 ## - NÚMERO DE LA CLASIFICACIÓN DECIMAL UNIVERSAL
Número de la Clasificación Decimal Universal 92 Bach, Johann Sebastian (1685-1750)
245 00 - MENCIÓN DEL TÍTULO
Título Vida de Bach /
Mención de responsabilidad, etc. John Butt (ed.) ; traducción de María Condor.
250 ## - MENCION DE EDICION
Mención de edición 1ª ed.
260 ## - PUBLICACIÓN, DISTRIBUCIÓN, ETC.
Lugar de publicación, distribución, etc. Madrid :
Nombre del editor, distribuidor, etc. Cambridge University Press,
Fecha de publicación, distribución, etc. 2000.
300 ## - DESCRIPCIÓN FÍSICA
Extensión 384 p. :
Otras características físicas il. ;
Dimensiones 22 cm.
490 1# - MENCIÓN DE SERIE
Mención de serie Música
600 04 - PUNTO DE ACCESO ADICIONAL DE MATERIA--NOMBRE DE PERSONA
Nombre de persona Bach, Johann Sebastian,
Fechas asociadas al nombre 1685-1750
9 (RLIN) 24454
700 1# - ENTRADA AGREGADA--NOMBRE PERSONAL
Nombre de persona Butt, John.
9 (RLIN) 32960
700 1# - ENTRADA AGREGADA--NOMBRE PERSONAL
Nombre de persona Cóndor Orduña, María.
9 (RLIN) 40150
830 0# - PUNTO DE ACCESO ADICIONAL DE SERIE-TÍTULO UNIFORME
Título uniforme Música
9 (RLIN) 228703
852 ## - LOCALIZACIÓN
Ubicación ES-MaACL
Número de control de estantería L-24178
Sublocalización o colección R.129230
Holdings
Estatus retirado Estado de pérdida Estado de daño No para préstamo Biblioteca de origen Biblioteca actual Ubicación en estantería Fecha de adquisición Fuente de adquisición Total de préstamos Signatura topográfica completa Código de barras Visto por última vez Precio de reemplazo Tipo de ítem Koha
        Biblioteca del Ateneo de Madrid Biblioteca del Ateneo de Madrid Depósito 2 17/01/2008     L-24178 1017652 23/02/2023 23/02/2023 Libro impreso